000 01911cam a22004214a 4500
999 _c529748
_d529748
001 13254602
003 NUST
005 20191002154550.0
008 030627s2001 dcud bt 000 0 eng d
010 _a 2001136162
020 _a0309069157
035 _a(OCoLC)ocm49048791
038 _aMSOHAIL
040 _aTRL
_cTRL
_dDLC
042 _alccopycat
043 _an-us---
050 0 0 _aTE192
_b.S23 2001
082 0 0 _a388.0684
_222
100 1 _aSabol, Scott A.
_922455
245 1 0 _aPerformance measures for research, development, and technology programs /
_cScott A. Sabol.
260 _aWashington, D.C. :
_bNational Academy Press,
_c2001.
300 _a97 p. :
_bcharts ;
_c28 cm.
440 0 _aSynthesis of highway practice,
_x0547-5570 ;
_v300
_922456
500 _aAt head of title: National Cooperative Highway Research Program.
500 _a"Research sponsored by the American Association of State Highway and Transportation Officials in cooperation with the Federal Highway Administration."
500 _a"Transportation Research Board, National Research Council."
504 _aIncludes bibliographical references (p. 41).
650 0 _aTransportation
_xResearch
_zUnited States
_zStates
_xManagement.
_922457
650 0 _aResearch and development contracts, Government
_zUnited States
_zStates.
_922458
650 0 _aHighway research
_zUnited States
_zStates
_xManagement.
_922459
710 2 _aNational Cooperative Highway Research Program.
_920864
710 2 _aAmerican Association of State Highway and Transportation Officials.
_919553
710 1 _aUnited States.
_bFederal Highway Administration.
_920149
710 2 _aNational Research Council (U.S.).
_bTransportation Research Board.
_922460
906 _a7
_bcbc
_ccopycat
_d2
_encip
_f20
_gy-gencatlg
942 _2ddc
_cBK